000 00687nam a2200241Ia 4500
003 OSt
005 20220925224827.0
006 a|||||r|||| 00| 0
007 ta
008 220923b |||||||| |||| 00| 0 eng d
037 _cGeneral Book
040 _aRTL
_cRTL
_beng
041 _2eng
_aeng
082 _aS8k, H6
100 _aYoung Kimball
_986023
245 0 _aHandbook of social psychology
260 _aLondon
_bRoutledge and Kegan Paul UK
_c1946
300 _aviii, 575p.
_ccm.
490 _aInternational Library of Sociology and Social Reconstruction
650 _aPsychology
942 _hS8k, H6
_cGB
_2CC
999 _c582295
_d582295